| 000 | 00387pab a2200145 454500 | ||
|---|---|---|---|
| 008 | 180718b1987 xxu||||| |||| 00| 0 eng d | ||
| 100 | _aNeelam Singh | ||
| 245 | _aProblems and prospects of leather industry in Dholpur | ||
| 260 | _c1987 | ||
| 300 | _a346-51 | ||
| 362 | _aMay | ||
| 650 | _aLeather Industry and Trade - India - Rajasthan | ||
| 773 | _aKhadi Gramodyog | ||
| 909 | _a12439 | ||
| 999 |
_c12439 _d12439 |
||